000 00778nam a2200205Ia 4500
005 20241129111243.0
008 241129s9999||||xx |||||||||||||| ||und||
037 _aTB
040 _aCRL
_bpun
_cCRL
041 _apun
_2pun
084 _aO153,3M95x Q1
_qCRL
100 _aਬੱਦਲ, ਬਲਦੇਵ ਸਿੰਘ, ਚ।
245 0 _aਗੁਰਬਖ਼ਸ਼ ਸਿੰਘ ਪ੍ਰੀਤਲੜੀ ਦੀਆਂ ਚੋਣਵੀਆਂ ਕਹਾਣੀਆਂ
_cਬੱਦਲ, ਬਲਦੇਵ ਸਿੰਘ, ਚ।
260 _aਦਿੱਲੀ, ਭਾਰਤ
_bਨੈਸ਼ਨਲ ਬੁਕ ਟਰੱਸਟ
_c2009
300 _a499ਪ੍ਰ0
365 _aINR
_b175
650 _aPunjabi LiteratureFiction
942 _cTB
_hO153,3M95x Q1
999 _c1229601
_d1229601